Το τυχαίο σύμπαν
Αποθηκεύτηκε σε:
| Κύριος συγγραφέας: | |
|---|---|
| Άλλοι συγγραφείς: | |
| Μορφή: | Βιβλίο |
| Γλώσσα: | Greek English |
| Δημοσίευση: |
Αθήνα :
Π. Τραυλός-Ε. Κωσταράκης,
c1995.
|
| Θέματα: | |
| Ετικέτες: |
Προσθήκη ετικέτας
Δεν υπάρχουν, Καταχωρήστε ετικέτα πρώτοι!
|
MARC
| LEADER | 00000cam a2200000 i 4500 | ||
|---|---|---|---|
| 001 | 1/15238 | ||
| 008 | 980522s1995 gr | ||| |||| ||gre|| | ||
| 020 | |a 9607122291 | ||
| 035 | |l 10019738 | ||
| 040 | |a GR-MyUA |b gre |e AACR2 | ||
| 041 | 0 | 1 | |a gre |h eng |
| 082 | 0 | |a 523.11 | |
| 100 | 1 | |a Davies, P. C. W. | |
| 245 | 1 | 3 | |a Το τυχαίο σύμπαν / |c P. C. W. Davies ; μετάφραση Θάνος Χριστακόπουλος. |
| 260 | |a Αθήνα : |b Π. Τραυλός-Ε. Κωσταράκης, |c c1995. | ||
| 300 | |a 171 σ. | ||
| 500 | |a Τίτλος πρωτοτύπου: The accidental universe. | ||
| 650 | 0 | 0 | |a Cosmology. |
| 650 | 0 | 0 | |a Physics |x Philosophy. |
| 700 | 1 | |a Χριστακόπουλος, Θάνος Β. |e trl | |
| 852 | |a INST |b LESVOS |e 19980522 |h 523.11 DAV |p 005100013950 |q 005100013950 |t BK |y 0 | ||
| 901 | |a BIBL-1998-2 | ||
| 909 | |a Λ |b 056548 | ||
| 922 | |a 1ΕΛΗ |b 199805 |c ΚΠΣ/ΤΠ |d EMVASIS | ||
| 950 | |a 107-1998-04-08 | ||